000 00485nam a2200205Ia 4500
005 20250425162449.0
008 250425s9999 xx 000 0 und d
020 _a0471904694
041 _aeng
082 _a628.168
245 0 _aDETERMINATION OF ORGANIC SUBSTANCES IN WATER
250 _aS.E.
260 _aEstados Unidos
_bJOHN WILEY & SONS
_c1985
260 _aNEW YORK
300 _a518
650 _aAGUA
650 _aCONTAMINACION
942 _c01
010 _a75769
999 _c229753
_d229753